Представление документа в формате MARC21

Поле Инд. ПП Название Значение
Тип записи a
Библиографический уровень b
001 Контрольный номер RU/IS/BASE/159642433
005 Дата корректировки 20230526160448.8
008 Кодируемые данные 19951209
084 a Индекс другой классификации/Индекс ББК 81.411-2
097 00 a 750
100 10 a Автор Иорданиди С. И.
245 00 a Заглавие Древнерусские инновации во множественном числе именного склонения
500 a Примечание Начало. Продолжение см.: Вопросы языкознания, 1995, № 5
504 a Библиография Источ. и лит.: с. 76 - 77. - Примеч.
650 04 a Основная рубрика грамматика
a Основная рубрика филологические науки
a Основная рубрика частное языкознание
a Основная рубрика языкознание
653 00 a Ключевые слова грамматические категории
a Ключевые слова древнерусский язык
a Ключевые слова падеж
a Ключевые слова склонение
a Ключевые слова число грамматическое
700 10 a Автор Крысько В. Б.
773 00 t Заглавие источника Вопросы языкознания
d Дата издания источника 1995
g Прочая информация № 4. - С. 64 - 75
w Контрольный № источника RU/IS/BASE/134584334
901 t Тип документа b